| 000 | 00371 a2200169 4500 | ||
|---|---|---|---|
| 001 | 191523 | ||
| 020 | _a978-85-16-07643-6 | ||
| 040 | _cMagnum | ||
| 100 | _aRocha, Ruth | ||
| 240 | 1 | 0 |
_aQuem tem medo de monstro? _lpor |
| 245 | 1 | 0 | _aQuem tem medo de monstro? |
| 300 | _a21 | ||
| 362 | 0 | _a2012 | |
| 440 | 1 | _aSalamandra | |
| 697 | _aLITERATURA INFANTO | ||
| 942 | _cBK | ||
| 999 |
_c191523 _d191523 |
||